Az örök szigetlakó meséi

Bibliographic Details
Main Authors: Hajtman, Béla, 1966- (Author, Interviewer), Poór, József, 1950- (Author)
Format: Article
Language:Hungarian
PhysicalDescription:Fotogr.
Subjects:

MARC

LEADER 00000nab a2200000 ar4500
001 vtls010073669
003 SK-MaSNL
005 20260319074342.0
008 100310c2010 xo |||||||| 000 b|hun
015 |a SNBRB2010/03  |2 snkbucl 
038 |a SNKBUCL 
040 |a DSZK  |b slo  |c DSZK  |e AACR2 
041 0 |a hun 
044 |a xo  |c SK 
080 |a 82:929:821.511.141 (437.6)  |2 2001 
080 |a 821.511.141 (437.6)-32(0.053.2)=511.141  |2 2001 
080 |a 821.511.141 (437.6):929  |2 2001 
080 |a 821.511.141 (437.6)-93=511.141  |2 2001 
080 |a 929 Balajti, Árpád  |2 2001 
080 |a 929 Poór, József  |2 2001 
100 1 |a Hajtman, Béla,  |d 1966-  |4 ivr  |4 aut  |9 90205 
245 1 3 |a Az örök szigetlakó meséi  |c Hajtman Béla, Poór József 
300 |b Fotogr. 
600 1 7 |a Balajti, Árpád,  |d 1947-1999  |t Az életmentő sárgarépa  |2 snkbucl  |9 1036511 
600 1 7 |a Poór, József,  |d 1950-  |2 snkbucl  |9 111873 
650 0 7 |a autorské rozprávky, maďarské  |2 snkbucl  |9 71245 
655 7 |a rozhovory  |2 SNKPH  |9 31831 
700 1 |a Poór, József,  |d 1950-  |4 ive  |4 aut  |9 111873 
773 0 |t Pedagógusfórum  |g Évf. IX, sz. 2 (2010), o. 13-14 
852 |a SNK  |b KIS3GCP 
852 |a DSZK  |b KIS3GCP 
958 |a HU 
958 |a SK 
958 |a LX 
999 |c 1707331  |d 1709261